000 01173cam a2200325 i 4500
001 000005161
003 DO-SdBNP
005 20250521105858.0
007 ta
008 890509s1986 cu a 000 0 spa
010 _a74213404
040 _aDO-SdBNP
_bspa
_cBNPHU
_erda
082 4 _a923.57293
_bG633c
_222
100 1 _aGómez, Máximo,
_d1836-1905
_eautor
_4aut.
_912249
245 1 0 _aMáximo Gomez :
_bCartas a Francisco Carrillo /
_ccompilación, introducción y notas por, Hortensia Pichardo ; edición, Ricardo Stusser.
264 1 _aLa Habana, Cuba :
_bCiencias Sociales,
_c1986.
300 _a330 páginas :
_bilustraciones ;
_c23 cm.
336 _atexto
_btxt
_2rdacontent
337 _asin mediación
_bn
_2rdamedia
338 _avolumen
_bnc
_2rdacarrier
490 1 _aColecci►2n Centenario
490 1 _aHistoria de Cuba
600 1 0 _aGómez, Máximo,
_d1836-1905
_912249
600 4 _aCarrillo, Francisco
_d1851-1926.
_914763
700 1 _aPichardo, Hortensia
_ecompilador
_4comp.
_914765
700 1 _aCarrillo, Francisco
_d1851-1926.
_914763
700 1 _aStusser, Ricardo
_eed.
_914766
830 0 _aCentenario
_pHistoria de Cuba
_914767
942 _2ddc
_cLBS1
999 _c4964
_d4964